000
00318nam a22001457a 4500
008
210428b ||||| |||| 00| 0 eng d
020
_a
9780669144666
041
_a
eng
080
_a
541
082
_a
541
100
_a
12
101
_a
KIM
245
_a
Introductory Chemistry
_c
Steven S.Zumdahl
942
_2
udc
_c
BK
999
_c
56862
_d
56862